00393nam a2200145Ia 4500100001700000942000700017654000900024245003100033260002600064082001000090300000800100546001200108999001700120952011000137 aKamenihny/I  cBK aheat aHeat Treatment Hand Book bMir Publishersc2001 a671.3 a275 aENGLISH c19759d19759 001040708AFTaCRCEbCRCEd2023-03-17g3.00i3423l0o671.3 pAFT1074r2023-03-17v3.00w2023-03-17yBK